[Event "Pardubice Czech op-E 32nd"]
[Site "Pardubice"]
[Date "2021.07.15"]
[Round "1.1"]
[White "Miskolczi, Vitezslav"]
[Black "Blahynka, Martin"]
[Result "0-1"]
[WhiteElo "1941"]
[BlackElo "2416"]
[PlyCount "68"]
[EventDate "2021.07.15"]
[EventType "team-swiss"]
[EventRounds "7"]
[EventCountry "CZE"]
[SourceTitle "CBM 203 Extra"]
[Source "ChessBase"]
[SourceDate "2021.09.30"]
[SourceVersion "1"]
[SourceVersionDate "2021.09.30"]
[SourceQuality "1"]
[WhiteTeam "Unichess"]
[BlackTeam "Brno Duras"]
[WhiteTeamCountry "CZE"]
[BlackTeamCountry "CZE"]

1. e4 Nc6 2. d4 e5 3. Nf3 exd4 4. Bc4 Nf6 5. e5 d5 6. Bb5 Ne4 7. Nxd4 Bd7 8. Bxc6 bxc6 9. 0-0 Bc5 10. f3 Ng5 11. Be3 0-0 12. f4 Ne4 13. Kh1 Qh4 14. Qe1 Qxe1 15. Rxe1 Rab8 16. Nb3 Bxe3 17. Rxe3 Nf2+ 18. Kg1 Nd1 19. Rg3 Nxb2 20. N1d2 Rb4 21. Rf1 Nc4 22. Nxc4 Rxc4 23. c3 Re8 24. Re3 Bf5 25. g3 Kf8 26. Rf2 Rb8 27. Rd2 Ra4 28. Nd4 Rb1+ 29. Kf2 Be4 30. Rxe4 dxe4 31. Nxc6 g6 32. g4 Rc4 33. Rd8+ Kg7 34. Ne7 Rxc3 0-1

[Event "CZE-chT2C 1718"]
[Site "Czech Republic"]
[Date "2018.04.08"]
[Round "11.6"]
[White "Miskolczi, Vitezslav"]
[Black "Pospech, Radim"]
[Result "1-0"]
[WhiteElo "2010"]
[BlackElo "2078"]
[PlyCount "69"]
[EventDate "2017.10.15"]
[EventType "team-tourn"]
[EventRounds "11"]
[EventCountry "CZE"]
[SourceTitle "EXT 2022"]
[Source "ChessBase"]
[SourceDate "2021.10.06"]
[SourceVersion "1"]
[SourceVersionDate "2021.10.06"]
[SourceQuality "1"]
[WhiteTeam "Unichess Vyletna"]
[BlackTeam "Praha Dukla"]
[WhiteTeamCountry "CZE"]
[BlackTeamCountry "CZE"]

1. e4 c5 2. Nf3 d6 3. d4 cxd4 4. Nxd4 Nf6 5. Nc3 g6 6. f3 Bg7 7. Be3 Nc6 8. Qd2 Bd7 9. 0-0-0 h5 10. Kb1 0-0 11. Bh6 Bh8 12. Bxf8 Qxf8 13. Nxc6 bxc6 14. e5 dxe5 15. Bc4 Bf5 16. Rhe1 Qb8 17. Ne4 Ne8 18. Re3 a5 19. Rb3 Qc7 20. Rd3 Nd6 21. Nxd6 exd6 22. Rxd6 Rb8 23. g4 hxg4 24. fxg4 Be4 25. Rd8+ Kh7 26. Rxb8 Qxb8 27. Bxf7 Bg7 28. Qd8 Qxd8 29. Rxd8 Bf6 30. Ra8 Bf3 31. Be6 e4 32. Rxa5 e3 33. Bc4 Bxg4 34. Kc1 e2 35. Kd2 1-0

[Event "CZE-chT2B 1516"]
[Site "Czech Republic"]
[Date "2016.04.03"]
[Round "10.5"]
[White "Krtous, Zdenek"]
[Black "Miskolczi, Vitezslav"]
[Result "1-0"]
[WhiteElo "2059"]
[BlackElo "2055"]
[PlyCount "61"]
[EventDate "2015.10.18"]
[EventType "team-tourn"]
[EventRounds "11"]
[EventCountry "CZE"]
[SourceTitle "EXT 2022"]
[Source "ChessBase"]
[SourceDate "2021.10.06"]
[SourceVersion "1"]
[SourceVersionDate "2021.10.06"]
[SourceQuality "1"]
[WhiteTeam "Turnov Zikuda III"]
[BlackTeam "Unichess II"]
[WhiteTeamCountry "CZE"]
[BlackTeamCountry "CZE"]

1. e4 d5 2. exd5 Qxd5 3. Nc3 Qa5 4. d4 Nf6 5. Bd2 Bg4 6. Nf3 Nc6 7. Bc4 0-0-0 8. Nd5 Qa4 9. Bb3 Qa6 10. Nxf6 gxf6 11. c3 e5 12. h3 Bxf3 13. Qxf3 exd4 14. 0-0-0 Ne5 15. Qf5+ Kb8 16. cxd4 Rxd4 17. Be3 Rxd1+ 18. Rxd1 Be7 19. Kb1 Qe2 20. Qe4 Kc8 21. Qf5+ Kb8 22. Qe4 Kc8 23. f4 Nc4 24. Qxc4 Qxe3 25. Qxf7 Rd8 26. Rxd8+ Kxd8 27. a3 Qxf4 28. Qxh7 c6 29. Be6 Qf1+ 30. Ka2 Qxg2 31. Qd3+ 1-0

[Event "CZE-chT2C 1314"]
[Site "Czech Republic"]
[Date "2014.04.06"]
[Round "11.7"]
[White "Miskolczi, Vitezslav"]
[Black "Soucek, Milan"]
[Result "1-0"]
[WhiteElo "2092"]
[BlackElo "2088"]
[PlyCount "71"]
[EventDate "2013.11.03"]
[EventType "team-tourn"]
[EventRounds "11"]
[EventCountry "CZE"]
[SourceTitle "EXT 2015"]
[Source "ChessBase"]
[SourceDate "2014.11.20"]
[SourceVersion "1"]
[SourceVersionDate "2014.11.20"]
[SourceQuality "1"]
[WhiteTeam "Postovni sporitelna III"]
[BlackTeam "Kolin"]
[WhiteTeamCountry "CZE"]
[BlackTeamCountry "CZE"]

1. e4 d6 2. d4 e5 3. dxe5 Nc6 4. exd6 Bxd6 5. Nf3 Qe7 6. Nc3 Bg4 7. h3 Bh5 8. Bb5 Nf6 9. Qe2 0-0 10. Bxc6 bxc6 11. g4 Bg6 12. e5 Rfe8 13. exd6 Qxe2+ 14. Nxe2 Be4 15. 0-0 Bxf3 16. Nd4 Be4 17. f3 Bd5 18. dxc7 Rac8 19. Bf4 g6 20. b3 a6 21. c4 c5 22. Nc2 Bb7 23. Ne1 Nd7 24. Rd1 Ne5 25. Bxe5 Rxe5 26. Nd3 Re2 27. Nxc5 Rxc7 28. Nxb7 Rxb7 29. Rf2 Re6 30. Rc2 a5 31. c5 Kg7 32. Rd6 a4 33. Rxe6 axb3 34. axb3 fxe6 35. c6 Rc7 36. b4 1-0

[Event "Klatovy op-A"]
[Site "Klatovy"]
[Date "2002.??.??"]
[Round "?"]
[White "Miskolczi, Vitezslav"]
[Black "Vedral, Oldrich"]
[Result "0-1"]
[WhiteElo "1970"]
[BlackElo "2120"]
[PlyCount "63"]
[EventDate "2002.??.??"]
[EventType "swiss"]
[EventRounds "9"]
[EventCountry "CZE"]
[SourceTitle "EXT 2005"]
[Source "ChessBase"]
[SourceDate "2004.11.15"]
[SourceVersion "1"]
[SourceVersionDate "2004.11.15"]
[SourceQuality "1"]

1. Nf3 Nf6 2. g3 g6 3. Bg2 Bg7 4. 0-0 0-0 5. d3 c5 6. c3 Nc6 7. e4 d6 8. h3 Rb8 9. a4 e5 10. Be3 h6 11. Nfd2 b6 12. Nc4 d5 13. exd5 Nxd5 14. Nba3 Be6 15. Qe2 Qd7 16. Kh2 Kh7 17. Rad1 f5 18. Bc1 a6 19. Rfe1 b5 20. axb5 axb5 21. Nxe5 Nxe5 22. f4 b4 23. Nb1 bxc3 24. fxe5 cxb2 25. Bxb2 f4 26. Bxd5 Qxd5 27. gxf4 Rxf4 28. Nc3 Qd4 29. Rd2 Rxb2 30. Rxb2 Qxc3 31. Rb7 Qd4 32. Reb1 0-1

[Event "Klatovy op-A"]
[Site "Klatovy"]
[Date "2002.??.??"]
[Round "?"]
[White "Pastva, Tomas"]
[Black "Miskolczi, Vitezslav"]
[Result "0-1"]
[WhiteElo "1865"]
[BlackElo "1970"]
[PlyCount "40"]
[EventDate "2002.??.??"]
[EventType "swiss"]
[EventRounds "9"]
[EventCountry "CZE"]
[SourceTitle "EXT 2005"]
[Source "ChessBase"]
[SourceDate "2004.11.15"]
[SourceVersion "1"]
[SourceVersionDate "2004.11.15"]
[SourceQuality "1"]

1. e4 d5 2. exd5 Qxd5 3. Nf3 Nf6 4. d4 Bg4 5. Be2 Nc6 6. c3 0-0-0 7. 0-0 e6 8. Be3 Bd6 9. Nbd2 Ne4 10. c4 Qf5 11. c5 Nxd2 12. Qxd2 Bxc5 13. Rfc1 Bxf3 14. Bxf3 Nxd4 15. Bxd4 Rxd4 16. Qe2 Bb6 17. Rc2 Rhd8 18. Rac1 Qd3 19. Qe1 Ba5 20. h3 Qxc2 0-1